Ley 2008 ISR e IETU /
Contenido: 1. Abreviaturas; 2. Ley del Impuesto sobre la Renta correlacionada; 3. Artículos sobre la Ley de Ingresos de la Federación relacionados con la Ley del ISR y la Ley del IETU; 4. Reglamento de la Ley del Impuesto sobre la Renta; 5. Ley del Impuesto Empresarial a Tasa Unica correlacionada; 6...
Gespeichert in:
| Körperschaft: | |
|---|---|
| Format: | Buch |
| Sprache: | Spanisch |
| Veröffentlicht: |
México :
ISEF,
2008, c2008
|
| Ausgabe: | 15a edición |
| Schlagworte: | |
| Tags: |
Keine Tags, Fügen Sie das erste Tag hinzu!
|
MARC
| LEADER | 00000nam^a2200000^a^4500 | ||
|---|---|---|---|
| 001 | 000271770 | ||
| 005 | 20250521000000.0 | ||
| 009 | 20260310111038.56 | ||
| 020 | |a 978-970-811-086-0 | ||
| 037 | |a Acervo ITESO - Biblioteca | ||
| 041 | |a ESP | ||
| 082 | |a 343. 72052 |b MEX 2008 | ||
| 110 | |a México | ||
| 240 | 1 | 1 | |a [Ley del Impuesto sobre la Renta] |
| 240 | 1 | 1 | |a [Ley del Impuesto Empresarial a Tasa Unica] |
| 240 | 1 | 1 | |a [Ley del Impuesto a los Depósitos en Efectivo] |
| 245 | 1 | 0 | |a Ley 2008 ISR e IETU / |
| 250 | |a 15a edición | ||
| 264 | 4 | |a México : |b ISEF, |c 2008, c2008 | |
| 300 | |a 1 v. (varias paginaciones) | ||
| 336 | |a texto |b txt |2 rdacontenido | ||
| 337 | |a sin mediación |b n |2 rdamedio | ||
| 338 | |a volumen |b nc |2 rdasoporte | ||
| 520 | |a Contenido: 1. Abreviaturas; 2. Ley del Impuesto sobre la Renta correlacionada; 3. Artículos sobre la Ley de Ingresos de la Federación relacionados con la Ley del ISR y la Ley del IETU; 4. Reglamento de la Ley del Impuesto sobre la Renta; 5. Ley del Impuesto Empresarial a Tasa Unica correlacionada; 6. Decreto por el que se otorgan diversos beneficios fiscales en materia de impuestos sobre la renta y empresarial a tasa única; 7. Ley del Impuesto a los Depósitos en Efectivo correlacionada. | ||
| 649 | |a XX | ||
| 650 | |a Depósitos Bancarios - |z México - |x Leyes y Reglamentos - |x Tema Principal | ||
| 650 | |a IETU - |z México - |x Leyes y Reglamentos - |x Tema Principal | ||
| 650 | |a Impuestos sobre la Renta - |z México - |x Leyes y Reglamentos - |x Tema Principal | ||
| 650 | |a Impuestos - |z México | ||
| 650 | |a Finanzas Públicas - |z México | ||
| 650 | |a Derecho Administrativo - |z México - |x Leyes y Reglamentos | ||
| 650 | |a Derecho Fiscal - |z México - |x Leyes y Reglamentos | ||
| 650 | |a Derecho Financiero - |z México - |x Leyes y Reglamentos | ||
| 650 | |a Derecho Público - |z México | ||
| 910 | |a Fondo General | ||
| 920 | |a Impresos - Libros | ||
| 930 | |a Colección General | ||
| 905 | |a 101 | ||
| 901 | |a 0500157513 |b IT1 |c ACC |u 20250521 | ||
| 902 | |a https://opac.biblio.iteso.mx/vufind/Record/000271770 | ||